|
|
|
|
| LEADER |
00000nab a2200000 a 4500 |
| 001 |
vtls000879038 |
| 003 |
SK-MaSNL |
| 005 |
20260304142851.0 |
| 008 |
250505c2004 xo 0 slo |
| 015 |
|
|
|a SNBRB2004/07-21459
|
| 035 |
|
|
|a CLN000230583
|
| 035 |
|
|
|a urn:nbn:sk:snk-absti
|
| 035 |
|
|
|a (urnnbn)urn:nbn:sk:snk:ar-0033wg
|
| 035 |
|
|
|a (uuid)879fbf33-a295-484a-9f87-72935fa65f0e
|
| 040 |
|
|
|a SNKBUCL
|b slo
|c SNKBUCL
|e AACR2
|
| 041 |
0 |
|
|a hun
|
| 044 |
|
|
|a xo
|c SK
|
| 080 |
|
|
|a 82.09:821.131.1-31(048)
|2 1997
|
| 080 |
|
|
|a 821.131.1-31(048)
|2 1997
|
| 100 |
1 |
|
|a Adorján-Kiss, Tibor Sándor
|d 1979-
|4 aut
|9 1462953
|
| 245 |
1 |
0 |
|a Kis posztmodern könyv, nagy metanarratív twist
|c Adorján-Kiss Tibor Sándor
|
| 300 |
|
|
|b Obr.
|
| 650 |
0 |
7 |
|a romány psychologické talianske
|x recenzie
|2 snkbucl
|9 850105
|
| 655 |
|
7 |
|a články z novín a časopisov
|2 snkbucl
|9 267496
|
| 773 |
0 |
|
|t Kalligram
|g Roč. 12, č. 6 (2004), s. 112-114
|x 1335-1826
|
| 787 |
0 |
8 |
|i Rec.:
|a Tabucchi, Antonio, 1943-
|t Indiai éjszaka
|d Budapest : Mágus Kiadó, 2003
|
| 850 |
|
|
|a Slovenská národná knižnica
|
| 852 |
|
|
|a Slovenská národná knižnica
|
| 958 |
|
|
|a article27
|
| 958 |
|
|
|a OND
|
| 958 |
|
|
|a RC
|
| 958 |
|
|
|a HU
|
| 958 |
|
|
|a LX
|
| 958 |
|
|
|a IT
|
| 992 |
|
|
|a RBX
|
| 999 |
|
|
|c 2923448
|d 2925378
|